Premier League Greats: Cristiano Ronaldo - Statistics

General Stats
  • This quiz has been taken 23 times
  • The average score is 5 of 15
Answer Stats
Answer % Correct
Manchester United
100%
True
48%
2nd
43%
31
43%
George Best
43%
Twice
43%
Newcastle United
29%
£12 million
19%
2006/07
19%
2006/07, 2007/08, 2008/09
19%
2007/08
19%
2003/04
14%
Portsmouth
10%
2005/06, 2008/09
5%
FIFA World Player of the Year
5%
No matching quizzes found
Score Distribution
Percent of People with Each Score
Percentile by Number Answered
Your Score History
You have not taken this quiz